000 00505nam a2200181Ia 4500
003 GCL
008 140319s9999 xx 000 0 ara d
040 _aGCL /
_cGCL
082 0 4 _a813.9
_bص ذ
100 1 _aصنع الله ابراهيم
245 1 0 _aذات : رواية /
_cصنع الله ابراهيم
260 _a[S.N] :
_bدار المستقبل العربى ،
_c1993
300 _a355 ص
490 _a
650 0 4 _aالقصص العربية
650 0 4 _aالقصص
942 _2ddc
_cBK
999 _c55196
_d55196